00317pam a2200145a 44500008004100000020000900041041001200050082000900062100001900071245002400090250000600114260003400120300000800154650000900162230515b2003 xxu||||| |||| 00| 0 eng d aNULL aENGLISH aN.D. aThomson / W /T aTheory of Vibration a0 aNULLbPearson Educationc2003 a524 aNULL